| 000 | 00559nam a2200205Ia 4500 | ||
|---|---|---|---|
| 003 | OSt | ||
| 005 | 20250124094309.0 | ||
| 008 | 231217s9999 xx 000 0 und d | ||
| 020 | _a981253055x | ||
| 040 | _c0 | ||
| 041 | _aEnglish | ||
| 082 | _a001.642 SIL;81 | ||
| 100 | _aSilberschatz, Abraham. Galvin, Peter Baer. Gagne, Greg. | ||
| 245 | 0 | _aOperating system concepts : windows xp update | |
| 250 | _a6th ed. | ||
| 260 |
_c2004 _bJohn wiley and sons _aNew York |
||
| 300 | _axxi, 951 | ||
| 650 | _aOperating,windows,xp,update | ||
| 942 |
_cAA _2ddc |
||
| 999 |
_c196747 _d196747 |
||